Hundred years of world development and urgent problems of international revolutionary-liberation movement /

Bibliographic Details
Main Author: Arzumanian, A. A.
Format: Book
Language:English
Published: [Moscow] : Novosti Press Agency Pub. House, [1965?]
Subjects:

MARC

Tag First Indicator Second Indicator Subfields
LEADER 00000cam a2200000 4500
001 in00000064902
005 20151008050722.0
008 770818s1965 rur 00010 engm
010 |a  67006248  
035 |a (OCoLC)03197976 
035 |9 AAG2880AM 
040 |a DLC  |c GSU  |d GSU  |d TXA  |d UtOrBLW 
049 |a TXAM  |c [473566] 
050 0 0 |a HC59  |b .A8284 
092 |a 330.904  |b A797h 
100 1 |a Arzumanian, A. A. 
245 1 0 |a Hundred years of world development and urgent problems of international revolutionary-liberation movement /  |c [by] A. Arzumanyan. 
264 1 |a [Moscow] :  |b Novosti Press Agency Pub. House,  |c [1965?] 
300 |a 107 pages ;  |c 20 cm. 
336 |a text  |b txt  |2 rdacontent 
337 |a unmediated  |b n  |2 rdamedia 
338 |a volume  |b nc  |2 rdacarrier 
500 |a Stamped on title page: Moscow, USSR, 1965. 
650 0 |a Economic history  |y 1945-1971. 
650 0 |a Communism. 
650 0 |a Social history  |y 20th century. 
999 |a MARS 
999 f f |s 60dd5c82-eca0-355f-bfb9-1cea36855abb  |i cc3e8f93-70ef-3741-bf5e-d88ff5bc6ab1  |t 0 
952 f f |p ric  |a Texas A&M University  |b Rellis Campus  |c Joint Library Facility  |d Remote Storage  |t 0  |e HC59 .A8284  |h Library of Congress classification  |i unmediated -- volume  |m A14800699296 
998 f f |a HC59 .A8284  |t 0  |l Remote Storage